Russkii iazyk dlia inostrantsev ; sbornik statei /

Bibliographic Details
Main Author: Zemund, N. A.
Other Authors: Shmeleva, L. D.
Format: Book
Language:Russian
Published: Moskva : Gos. uchebno-pedagog. izd-vo, 1963.
Subjects:

MARC

Tag First Indicator Second Indicator Subfields
LEADER 00000cam a2200000 4500
001 in00000042783
005 20151007064846.0
008 800325s1963 rur 00000 rusrd
035 |a (OCoLC)06127500 
035 |9 AAE0772AM 
040 |a DLC  |c IRU  |d IRU  |d TXA  |d UtOrBLW 
049 |a TXAM  |c [1026820] 
050 0 0 |a PG2128  |b .Z4 
100 1 |a Zemund, N. A. 
245 1 0 |a Russkii iazyk dlia inostrantsev ;  |b sbornik statei /  |c Redaktory-sostaviteli N. A. Zemund, L. D. Shmeleva. 
264 1 |a Moskva :  |b Gos. uchebno-pedagog. izd-vo,  |c 1963. 
300 |a 123 pages ;  |c 20 cm. 
336 |a text  |b txt  |2 rdacontent 
337 |a unmediated  |b n  |2 rdamedia 
338 |a volume  |b nc  |2 rdacarrier 
500 |a In Cyrillic characters. 
650 0 |a Russian language  |v Textbooks for foreign speakers. 
700 1 |a Shmeleva, L. D. 
999 |a MARS 
999 f f |s fc5192bb-3fb4-3c97-88a2-d5a0b624c27c  |i 6c842687-7f76-33cf-afbe-42612fe82953  |t 0 
952 f f |p ric  |a Texas A&M University  |b Rellis Campus  |c Joint Library Facility  |d Remote Storage  |t 0  |e PG2128 .Z4  |h Library of Congress classification  |i unmediated -- volume  |m A14803614457 
998 f f |a PG2128 .Z4  |t 0  |l Remote Storage